=LDR 00000nam 2200000 4500 =001 INLIS000000000046973 =005 20150622151559.0 =006 =007 =008 =035 ##$$0010-061500000000062 =082 ##$$a 028.5 =090 ##$$a 028.5 zak i.4 =100 ##$$a ahmad zakky =245 ##$$a can say subahanallah =260 ##$$a ahmad zakky =300 ##$$a hln. 24 =850 ##$$a NPBMAT =990 ##$$a 2090100640/BPAP-NTB/2015